| 000 | 00659nam a22002177a 4500 | ||
|---|---|---|---|
| 999 |
_c2931 _d2931 |
||
| 003 | AR-CdUCM | ||
| 008 | 190305b ||||| |||| 00| 0 spa d | ||
| 040 |
_aMUNICIPALIDAD PROVINCIAL DEL CUSCO _cBIBLIOTECA MUNICIPAL DEL CUSCO |
||
| 082 |
_a869.56 / _bV19 |
||
| 100 |
_aValdivia, Oscar _910062 |
||
| 245 | _aAntología de la joven poesía arequipeña / | ||
| 260 |
_aArequipa : _bHozega, _c1966. |
||
| 300 |
_a32 páginas ; _c15 cm. |
||
| 500 | _aDonación familia Nieto | ||
| 650 |
_aPoesía _9139 |
||
| 700 |
_aPortugal, Ana María _910063 |
||
| 700 |
_aNeyra G., Max _910064 |
||
| 700 |
_aBenavente, Felix _910065 |
||
| 942 |
_2ddc _cLIBROS |
||
| 945 | _aafb | ||